|
|
|
|
| LEADER |
00000nam a22000007a 4500 |
| 005 |
20201118225514.0 |
| 007 |
cr|||| |||| |
| 008 |
201118s2019 br |||||s|||| 00||0 por d |
| 020 |
|
|
|a 978-85-8310-124-6
|
| 035 |
|
|
|a 32316
|
| 040 |
|
|
|a vLex
|
| 090 |
|
|
|c 10904
|d 10904
|
| 100 |
1 |
|
|a Facury Scaff, Fernando
|
| 245 |
1 |
0 |
|a Federalismo (s) em juz̕o
|h [Recurso electrn̤ico] /
|c Fernando Facury Scaff
|
| 256 |
|
|
|a Servicio en ln̕ea
|
| 260 |
|
|
|a San Pablo:
|b Editora Noeses,
|c 2019
|
| 300 |
|
|
|a 1 recurso electrn̤ico
|
| 506 |
1 |
|
|a Disponible solo en los productos indicados
|d vLex Global
|d vLex Global (Academic Edition, excluding Law Schools)
|d vLex Global (U.S. Academic Edition, Law Schools)
|d vLex Global (U.S. Academic Edition, excluding Law Schools)
|d vLex Global (Academic Edition, Law Schools)
|
| 650 |
0 |
4 |
|a Derecho Fiscal
|z Brasil
|
| 740 |
0 |
|
|a vLex Libros (Servicio en ln̕ea)
|
| 856 |
4 |
0 |
|u http://vlex.com/source/federalismo-s-juizo-32316
|z Acceso restringido
|
| 942 |
|
|
|c BOOK
|
| 999 |
0 |
|
|a Tax Law
|